| 000 | 00000nam##2200000za#4500 |
| 001 | 9.644309 |
| 003 | CaOODSP |
| 005 | 20210624224600 |
| 007 | cr ||||||||||| |
| 008 | 150407|1975||||xxc|||||o f|0| 0 fre|d |
| 040 | |aCaOODSP|bfre |
| 043 | |an-cn--- |
| 086 | 1 |aA22-53/1975F-PDF |
| 110 | 1 |aCanada.|bAgriculture Canada. |bService de l'information. |
| 245 | 10|aPublications du Ministère de l'agriculture du Canada 1867-1974 |h[ressource électronique] |
| 250 | |a2e éd. rév. |
| 260 | |aOttawa - Ontario : |bAgriculture Canada. |c1975. |
| 300 | |a148p. |
| 500 | |aPublication historique numérisée par Agriculture et Agroalimentaire Canada. |
| 590 | |a15-03-Supp|b2015-03-13 |
| 775 | 08|tPublications of the Canada Department of Agriculture 1867-1974 |w(CaOODSP)9.700423 |
| 856 | 40|ahttp://publications.gc.ca|qPDF|s8078 Ko|uhttps://publications.gc.ca/collections/collection_2015/aac-aafc/A22-53-1975-fra.pdf |